Statistics for All Modern-Day Countries Ever Controlled by Sweden

Click here to take the quiz!

General Stats

  • This quiz has been taken 6,162 times
    (6,151 since last reset)
  • The average score is 14 of 15

Answers on the Map

Answers color-coded by a green-red scale on the quiz's map according to % correct below.
 

Answer Stats

Countries% Correct
Finland
100%
Norway
100%
Estonia
99%
Germany
99%
Latvia
99%
Russia
99%
Sweden
99%
Poland
98%
Lithuania
97%
India
96%
Denmark
94%
Ghana
89%
United States
87%
Trinidad and Tobago
81%
France
(Guadeloupe / St. Barthélemy)
70%

Score Distribution

Percentile by Number Answered

Percent of People with Each Score

Your Score History

You have not taken this quiz since the last reset